Music Quiz

Random Music or Singers Quiz

Click the Canadian Quiz Stats

 Plays Quiz Updated Feb 23, 2019

     
Support Sporcle.
Go Orange.
Score 0/30 Timer 04:00
2 Plays Today
Question Answer Wrong Answers
Celine Dion
93.8%
Dionne Warwick
3.3%
Justin Bieber
90.9%
Justin Timberlake
5.4%
Bryan Adams
90%
Brian McKnight
8.1%
Our Lady Peace
89.4%
Lady Gaga
6.6%
Alanis Morissette
88.3%
Morrissey
7.3%
The Guess Who
85.5%
The Who
9.2%
Nickelback
85.5%
Taking Back Sunday
13.8%
Arcade Fire
85%
Earth, Wind & Fire
11.8%
Drake
82.2%
Dream
14.8%
Carly Rae Jepsen
81%
Carly Simon
16.7%
The Weeknd
80.6%
will.i.am
14.1%
Neil Young
79.8%
Neil Diamond
15.5%
Michael Bublé
79.8%
Michael Bolton
15.7%
Gordon Lightfoot
79.5%
Gordon Sumner
17%
Sarah McLachlan
78.9%
Sarah Vaughan
15.9%
Leonard Cohen
78.7%
Leonard Bernstein
17.1%
Billy Talent
78.1%
Billy Idol
20.6%
Nelly Furtado
78%
Nelly
17.2%
Anne Murray
78%
Annie Lennox
21.5%
Paul Anka
78%
Paul Simon
17.1%
Barenaked Ladies
77.1%
Naked Eyes
18.2%
K'Naan
76.3%
Chaka Khan
19.7%
Men Without Hats
75.1%
Men at Work
20.6%
Joni Mitchell
73.6%
Joan Baez
22.7%
Gino Vannelli
72.4%
Milli Vanilli
22.2%
Snow
70.5%
Sisqó
24.2%
Robbie Robertson
69.5%
Robbie Williams
25.5%
Tom Cochrane
68.6%
Eddie Cochran
28.6%
Finger Eleven
66.6%
311
33%
Bachman-Turner Overdrive
66.2%
Trans-Siberian Orchestra
28.9%

From the Vault

US Elections Extravaganza

by hscer

History 15m
It's not about winning or losing, it's how you play the game.
Remove Ads.
Support Sporcle.
Get the best of Sporcle when you Go Orange. This ad-free experience offers more features, more stats, and more fun while also helping to support Sporcle. Thank you for becoming a member.

Show Comments

Extras

Top Quizzes Today


Score Distribution

Your Account Isn't Verified!

In order to create a playlist on Sporcle, you need to verify the email address you used during registration. Go to your Sporcle Settings to finish the process.

Report this User

Report this user for behavior that violates our Community Guidelines.

Details: